<The> Profit-Taker <The> Proven Rapid Money-Maker in Good and Bad Markets
Salvato in:
| Autore principale: | |
|---|---|
| Natura: | Libro |
| Lingua: | inglese |
| Pubblicazione: |
[S.l.]
Deneau and Greenberg
[1966]
|
| Soggetti: | |
| Tags: |
Nessun Tag, puoi essere il primo ad aggiungerne!!
|
MARC
| LEADER | 00000nam a2200000 4500 | ||
|---|---|---|---|
| 001 | c002062 | ||
| 005 | 20250707091609.4 | ||
| 020 | |a 0-88879-010-4 | ||
| 041 | 0 | |a eng | |
| 044 | |a CA | ||
| 245 | 1 | 0 | |a <The> Profit-Taker |b <The> Proven Rapid Money-Maker in Good and Bad Markets |c Don Abrams |
| 264 | 1 | |a [S.l.] |b Deneau and Greenberg |c [1966] | |
| 300 | |a 117 s. | ||
| 610 | 2 | 0 | |a zisk |
| 610 | 2 | 0 | |a peniaze |
| 610 | 2 | 0 | |a obligácie |
| 610 | 2 | 0 | |a predaj |
| 610 | 2 | 0 | |a trh |
| 610 | 2 | 0 | |a investície |
| 610 | 2 | 0 | |a trh peňažný |
| 100 | 1 | |a Abrams, Don | |